00329nam a2200121Ia 4500008004100000041000800041082001700049100001700066245003900083250001400122260003900136300003200175240624s9999 xx 000 0 und d aeng a658.4034 TAH aTAHA HAMDY A aOPERATONS RESEARCH AN INTRODUCTION a(7th ed.) c2004aNew DelhibPearson Education axvii, : 830 : p. : cm. ; 24